| 000 | 00499nam a22001937a 4500 | ||
|---|---|---|---|
| 003 | OSt | ||
| 005 | 20140310181802.0 | ||
| 008 | 130703t xxu||||| |||| 00| 0 eng d | ||
| 020 | _a8172240872 | ||
| 050 |
_aPN 6162 _b.D784 1999 |
||
| 082 |
_aREF 808.51 _bD83 1999 |
||
| 245 |
_aHandbook of humor for speakers / _cDroke, Maxwell |
||
| 260 |
_aMumbai : _bJaico Publishing House, _c1999. |
||
| 300 |
_a247 p. _c17 p. |
||
| 521 | _a | ||
| 541 | _j1 | ||
| 562 | _e1 | ||
| 942 |
_2lcc _cBK-GR _kREF |
||
| 999 |
_c3662 _d3662 |
||